| 000 | 01801nam a2200337 a 4500 | ||
|---|---|---|---|
| 001 | 000034692 | ||
| 005 | 20251120073733.0 | ||
| 008 | 100830s1998 dr ab 001 0 spa d | ||
| 040 |
_aDO-SdBNP _bspa _cBNPHU |
||
| 082 |
_a307.14 _bR426Li |
||
| 110 | 1 |
_aRepública Dominicana. _bPresidencia de la República Dominicana. _bConsejo Nacional de Asuntos Urbanos. _943929 |
|
| 245 | 1 | 0 |
_aLineamientos de políticas de desarrollo urbano para la ciudad de Moca / _cRosa A. María de Rivas ... [et al.] ; prólogo Mercedes Sabater de Macarrulla. |
| 246 | 1 | 4 |
_aMoca : _blineamientos de políticas de desarrollo urbano |
| 260 |
_aSantiago de los Caballeros, República Dominicana : _bPUCMM : _bCentro de Estudios Urbanos y Regionales, _c1998. |
||
| 300 |
_a70 p. : _bil., mapas., retrs. ; _c27 cm. |
||
| 504 | _aIncluye bibliografía y notas al pie de páginas. | ||
| 504 | _aIncluye bibliografía: p.63-64. | ||
| 590 | _aInventariado,2018/DG | ||
| 650 | 4 |
_aDesarrollo de la comunidad urbana _zMoca (República Dominicana{Rpara} _960128 |
|
| 650 | 4 |
_aDesarrollo urbano _zMoca (República Dominicana{Rpara} _960129 |
|
| 650 | 4 |
_aCiudades y pueblos _zRepública Dominicana _9784 |
|
| 650 | 4 |
_aMejoramiento urbano _zMoca (República Dominicana{Rpara} _960130 |
|
| 650 | 4 |
_aEstrategias para el desarrollo _zMoca (República Dominicana{Rpara} _960131 |
|
| 650 | 4 |
_aPolíticas de desarrollo _zMoca (República Dominicana _960132 |
|
| 651 | 4 |
_aMoca (República Dominicana{Rpara} _xHistoria Local _97056 |
|
| 700 | 1 |
_aRivas , Rosa A. María de _960133 |
|
| 700 | 1 |
_aSabater Macarrulla, Mercedes _epról. _960126 |
|
| 710 | 1 |
_aRepública Dominicana. _bConsejo Nacional de Asuntos Urbanos (CONAU) _944076 |
|
| 710 | 2 |
_aPontificia Universidad Católica Madre y Maestra _9843 |
|
| 910 | _aValidado. Control de calidad EMS. | ||
| 999 |
_c34183 _d34183 |
||